Visigodos, hispano-romanos y bizantinos en la zona valenciana en el siglo VI (España) /
Saved in:
| Main Author: | |
|---|---|
| Format: | Book |
| Language: | Spanish |
| Published: |
Oxford, England :
J. and E. Hedges : Distributed by Hadrian Books,
2001.
|
| Series: | BAR international series ;
943. |
| Subjects: | |
| Tags: |
Add Tag
No Tags, Be the first to tag this record!
|
| LEADER | 01089nam a2200301 a 4500 | ||
|---|---|---|---|
| 001 | 008697409-2 | ||
| 005 | 20050319120449.0 | ||
| 008 | 010730s2001 enkab b 000|0 spa c | ||
| 020 | |a 1841711764 | ||
| 035 | 0 | |a ocm47640688 | |
| 040 | |a LRU |c LRU | ||
| 042 | |a pcc | ||
| 043 | |a e-sp--- | ||
| 050 | 4 | |a DP302.V201 |b M37 2001 | |
| 100 | 1 | |a Martí Matias, Miquel Ramon. | |
| 245 | 1 | 0 | |a Visigodos, hispano-romanos y bizantinos en la zona valenciana en el siglo VI (España) / |c Miquel Ramon Martí Matias. |
| 260 | |a Oxford, England : |b J. and E. Hedges : |b Distributed by Hadrian Books, |c 2001. | ||
| 300 | |a 171 p. : |b ill. ; |c 30 cm. | ||
| 490 | 1 | |a BAR international series ; |v 943 | |
| 504 | |a Includes bibliographical references (p. 165-171). | ||
| 651 | 0 | |a Valencia (Spain : Region) |x Antiquities. | |
| 651 | 0 | |a Valencia (Spain : Region) |x History. | |
| 651 | 0 | |a Spain |x History |y Gothic period, 414-711. | |
| 651 | 0 | |a Valencia (Spain : Region) |x Church history. | |
| 650 | 0 | |a Visigoths |z Spain |z Valencia (Region) | |
| 830 | 0 | |a BAR international series ; |v 943. | |
| 988 | |a 20020608 | ||
| 906 | |0 OCLC | ||


